000 00655nam a2200265Ia 4500
005 20260121161442.0
008 008 260114s9999 xx 000 0 eng d
020 _a9781003062844
037 _aEBOOK
040 _aCRL
040 _beng
040 _cCRL
041 _2eng
041 _aeng
084 _qCRL
100 _aKDP - Family Single Crystals
_91045016
245 0 _aL.N Rashkovich
260 _bTaylor and Francis
260 _c1991
650 _aElectrical & Electronic Engineering
_91045017
856 _uhttp://www.taylorfrancis.com/books/9781003062844
942 _cEBOOK
999 _c1610916
_d1610916